000 00616nam a2200217 4500
001 00028318
005 20260225162410.0
008 260225b ag ||||| |||| 00| 0 spa d
020 _a9502307658
040 _aAR-CcCEOS
_bspa
_cAR-CcCEOS
041 _aspa
080 _a159.964.2
090 _bQUI
100 1 _aQuiroga, Susana E.
_9626
245 _aAdolescencia :
_bDel goce orgánico al hallazgo de objeto /
_cSusana Estela Quiroga
250 _a2a ed.
264 _aBuenos Aires :
_bEudeba,
_cc1998.
300 _a299 p. ;
_c24x15 cm.
655 0 _apsicologĂ­a
_vADOLESCENCIA
_9627
942 _2udc
_n0
_cBK
999 _c28336
_d28336